Statistics for East Asia Map Quiz

Click here to take the quiz!

General Stats

  • This quiz has been taken 831,480 times
    (226,243 since last reset)
  • The average score is 14 of 17

Answer Stats

Answer % Correct
China
96%
North Korea
93%
Japan
92%
Mongolia
92%
South Korea
91%
Philippines
86%
Taiwan
83%
Indonesia
83%
Vietnam
80%
Thailand
76%
Laos
76%
East Timor
75%
Malaysia
73%
Singapore
69%
Cambodia
69%
Myanmar
66%
Brunei
60%

Score Distribution

Percentile by Number Answered

Percent of People with Each Score

Your Score History

You have not taken this quiz since the last reset